[Event "EIRCC 2019"]
[Site "Tallinn"]
[Date "2019.12.06"]
[Round "9.15"]
[White "Shvyrjov, Igor"]
[Black "Lobanov, Sergei"]
[Result "1/2-1/2"]
[WhiteElo "2296"]
[BlackElo "2483"]
[Annotator "ChessBase"]
[PlyCount "117"]
[EventDate "2019.12.05"]
[EventType "swiss"]
[EventCountry "EST"]
[SourceTitle "playchess.com"]
[Source "ChessBase"]
[SourceQuality "1"]
[TimeControl "900+10"]

1. d4 {[%emt 0:00:00]} Nf6 {[%emt 0:00:00]} 2. Nf3 {[%emt 0:00:00]} d5 {[%emt 0:00:09]} 3. c3 {[%emt 0:00:03]} c5 {[%emt 0:00:03]} 4. Bf4 {[%emt 0:00:18]} e6 {[%emt 0:00:26]} 5. e3 {[%emt 0:00:03]} Nc6 {[%emt 0:00:05]} 6. Nbd2 {[%emt 0:00:02]} cxd4 {[%emt 0:00:15]} 7. exd4 {[%emt 0:00:04]} Nh5 {[%emt 0:00:02]} 8. Bg3 {[%emt 0:00:08]} Be7 {[%emt 0:00:30]} 9. Bd3 {[%emt 0:00:07]} h6 {[%emt 0:01:05]} 10. Qe2 {[%emt 0:00:52]} Bd7 {[%emt 0:00:26]} 11. O-O {[%emt 0:01:04]} Nxg3 {[%emt 0:00:10]} 12. hxg3 {[%emt 0:00:01]} Qc7 {[%emt 0:00:21]} 13. Rfe1 {[%emt 0:00:15]} O-O-O {[%emt 0:01:01]} 14. b4 {[%emt 0:00:11]} Kb8 {[%emt 0:00:11]} 15. Nb3 {[%emt 0:00:04]} h5 {[%emt 0:00:27]} 16. a4 {[%emt 0:00:19]} g5 {[%emt 0:03:36]} 17. a5 {[%emt 0:00:06]} g4 {[%emt 0:00:01]} 18. Nh4 {[%emt 0:06:39]} Bd6 {[%emt 0:00:31]} 19. Nc5 {[%emt 0:00:27]} Bc8 {[%emt 0:00:42]} 20. Bb5 {[%emt 0:02:59]} Ne7 {[%emt 0:02:00]} 21. Ra2 {[%emt 0:00:32]} Nf5 {[%emt 0:02:13]} 22. a6 {[%emt 0:03:02]} b6 {[%emt 0:00:02]} 23. Nb7 {[%emt 0:00:01]} Nxg3 {[%emt 0:01:24]} 24. Qd3 {[%emt 0:00:01]} Ne4 {[%emt 0:00:54]} 25. Nxd8 {[%emt 0:00:03]} Rxd8 {[%emt 0:00:11]} 26. c4 {[%emt 0:00:02]} g3 {[%emt 0:01:11]} 27. Rxe4 {[%emt 0:00:09]} dxe4 {[%emt 0:00:11]} 28. Qxe4 {[%emt 0:00:01]} gxf2+ {[%emt 0:00:02]} 29. Rxf2 {[%emt 0:00:01]} f5 {[%emt 0:00:45]} 30. Qe3 {[%emt 0:00:56]} Bg3 {[%emt 0:00:03]} 31. Nf3 {[%emt 0:00:02]} Bxf2+ {[%emt 0:00:39]} 32. Kxf2 {[%emt 0:00:01]} Qd6 {[%emt 0:00:09]} 33. Ne5 {[%emt 0:00:05]} Rg8 {[%emt 0:00:24]} 34. Nc6+ {[%emt 0:01:10]} Kc7 {[%emt 0:00:06]} 35. c5 {[%emt 0:00:01]} Qd5 {[%emt 0:00:07]} 36. Qf4+ {[%emt 0:00:02]} e5 {[%emt 0:00:02]} 37. Qxe5+ {[%emt 0:00:09]} Qxe5 {[%emt 0:00:01]} 38. Nxe5 {[%emt 0:00:02]} Be6 {[%emt 0:00:15]} 39. Bc6 {[%emt 0:00:08]} Rd8 {[%emt 0:00:27]} 40. Ke3 {[%emt 0:00:02]} Bd5 {[%emt 0:00:10]} 41. b5 {[%emt 0:00:21]} bxc5 {[%emt 0:00:11]} 42. dxc5 {[%emt 0:00:01]} Bxc6 43. Nxc6 {[%emt 0:00:02]} Rd5 {[%emt 0:00:18]} 44. Nd4 {[%emt 0:00:14]} Re5+ {[%emt 0:00:20]} 45. Kf3 {[%emt 0:00:03]} Rxc5 {[%emt 0:00:11]} 46. Ne6+ {[%emt 0:00:34]} Kb6 {[%emt 0:00:00]} 47. Nxc5 {[%emt 0:00:01]} Kxc5 {[%emt 0:00:01]} 48. Kf4 {[%emt 0:00:01]} Kxb5 {[%emt 0:00:01]} 49. Kxf5 {[%emt 0:00:01]} Kxa6 {[%emt 0:00:01]} 50. Kg5 {[%emt 0:00:00]} Kb5 {[%emt 0:00:02]} 51. Kxh5 a5 52. g4 {[%emt 0:00:02]} a4 {[%emt 0:00:00]} 53. g5 {[%emt 0:00:01]} a3 {[%emt 0:00:01]} 54. g6 a2 55. g7 {[%emt 0:00:02]} a1=Q {[%emt 0:00:04]} 56. g8=Q {[%emt 0:00:01]} Qh1+ {[%emt 0:00:02]} 57. Kg6 {[%emt 0:00:01]} Qg2+ {[%emt 0:00:01]} 58. Kf7 {[%emt 0:00:02]} Qxg8+ {[%emt 0:00:01]} 59. Kxg8 1/2-1/2

[Event "EIRCC 2019"]
[Site "Tallinn"]
[Date "2019.12.06"]
[Round "9.16"]
[White "Kanep, Meelis"]
[Black "Chukavin, Kirill"]
[Result "1-0"]
[WhiteElo "2466"]
[BlackElo "2290"]
[Annotator "ChessBase"]
[PlyCount "65"]
[EventDate "2019.12.05"]
[EventType "swiss"]
[EventCountry "EST"]
[SourceTitle "playchess.com"]
[Source "ChessBase"]
[SourceQuality "1"]
[TimeControl "900+10"]

1. d4 {[%emt 0:00:00]} Nf6 {[%emt 0:00:00]} 2. c4 {[%emt 0:00:01]} e6 {[%emt 0:00:08]} 3. Nf3 {[%emt 0:00:09]} d5 {[%emt 0:00:45]} 4. g3 {[%emt 0:00:02]} dxc4 {[%emt 0:00:07]} 5. Bg2 {[%emt 0:00:07]} Bd7 {[%emt 0:00:01]} 6. Ne5 {[%emt 0:00:11]} Bc6 {[%emt 0:00:02]} 7. Nxc6 {[%emt 0:00:12]} Nxc6 {[%emt 0:00:02]} 8. O-O {[%emt 0:00:04]} Qd7 {[%emt 0:00:03]} 9. Nc3 {[%emt 0:00:32]} Nxd4 {[%emt 0:02:51]} 10. Bxb7 {[%emt 0:00:13]} Rb8 {[%emt 0:00:25]} 11. Bg2 {[%emt 0:00:04]} Nb5 {[%emt 0:03:58]} 12. Nxb5 {[%emt 0:01:20]} Qxb5 {[%emt 0:00:46]} 13. Be3 {[%emt 0:01:06]} Bc5 {[%emt 0:01:14]} 14. Bxc5 {[%emt 0:01:13]} Qxc5 {[%emt 0:00:01]} 15. Qa4+ {[%emt 0:00:20]} Ke7 {[%emt 0:00:15]} 16. Rac1 {[%emt 0:00:37]} Rb4 {[%emt 0:00:21]} 17. Qa3 {[%emt 0:00:16]} Rhb8 {[%emt 0:00:41]} 18. Rc2 {[%emt 0:00:06]} a5 {[%emt 0:01:44]} 19. Rfc1 {[%emt 0:00:45]} a4 {[%emt 0:01:20]} 20. e3 {[%emt 0:02:26]} Nd5 {[%emt 0:01:06]} 21. Bf1 {[%emt 0:00:21]} Nb6 {[%emt 0:00:32]} 22. Qc3 {[%emt 0:01:03]} Kf8 {[%emt 0:00:07]} 23. h3 {[%emt 0:00:27]} f6 {[%emt 0:01:09]} 24. Qe1 {[%emt 0:01:34]} Qb5 {[%emt 0:00:18]} 25. a3 {[%emt 0:00:57]} Rxb2 {[%emt 0:00:30]} 26. Bxc4 {[%emt 0:00:04]} Nxc4 {[%emt 0:00:08]} 27. Rxc4 {[%emt 0:00:01]} Rb1 {[%emt 0:00:28]} 28. Rxc7 {[%emt 0:00:41]} Rxc1 {[%emt 0:00:02]} 29. Rxc1 {[%emt 0:00:46]} Qb2 {[%emt 0:00:16]} 30. Qd1 {[%emt 0:01:40]} Qxa3 {[%emt 0:00:13]} 31. Rc7 {[%emt 0:00:03]} Re8 {[%emt 0:00:23]} 32. Qh5 {[%emt 0:00:54]} g6 {[%emt 0:00:13]} 33. Qh6+ {[%emt 0:00:04]} 1-0

[Event "EIRCC 2019"]
[Site "Tallinn"]
[Date "2019.12.06"]
[Round "9.17"]
[White "Rogule, Laura"]
[Black "Ladva, Ottomar"]
[Result "0-1"]
[WhiteElo "2292"]
[BlackElo "2446"]
[Annotator "RC"]
[PlyCount "178"]
[EventDate "2019.12.05"]
[EventType "swiss"]
[EventCountry "EST"]
[SourceTitle "playchess.com"]
[Source "ChessBase"]
[SourceQuality "1"]
[TimeControl "900+10"]

1. c4 {[%emt 0:00:00]} e6 {[%emt 0:00:00]} 2. Nf3 {[%emt 0:00:00]} d5 {[%emt 0:00:00]} 3. d4 {[%emt 0:00:15]} Nf6 {[%emt 0:00:02]} 4. g3 {[%emt 0:00:02]} dxc4 {[%emt 0:00:53]} 5. Bg2 {[%emt 0:00:44]} c5 {[%emt 0:00:03]} 6. Qa4+ {[%emt 0:01:40]} Bd7 {[%emt 0:01:25]} 7. Qxc4 {[%emt 0:00:04]} Nc6 {[%emt 0:03:26]} 8. O-O {[%emt 0:04:06]} b5 {[%emt 0:02:24]} 9. Qd3 {[%emt 0:01:02]} c4 {[%emt 0:00:14]} 10. Qd1 {[%emt 0:00:27]} Rc8 {[%emt 0:01:15]} 11. Bf4 {[%emt 0:03:02]} Be7 {[%emt 0:00:10]} 12. Ne5 {[%emt 0:00:57]} O-O {[%emt 0:00:50]} 13. e4 {[%emt 0:00:44]} Be8 {[%emt 0:03:06]} 14. d5 {[%emt 0:01:46]} exd5 {[%emt 0:00:14]} 15. exd5 {[%emt 0:00:02]} Nxe5 {[%emt 0:00:06]} 16. Bxe5 {[%emt 0:00:02]} Bd6 {[%emt 0:00:59]} 17. Bd4 {[%emt 0:00:25]} a6 {[%emt 0:00:16]} 18. Nc3 {[%emt 0:00:34]} Bd7 {[%emt 0:00:02]} 19. Re1 {[%emt 0:00:57]} Bf5 {[%emt 0:00:46]} 20. Qf3 {[%emt 0:00:26]} Bg6 {[%emt 0:00:06]} 21. a3 {[%emt 0:00:18]} Nd7 {[%emt 0:00:28]} 22. Bh3 {[%emt 0:00:15]} Rc7 {[%emt 0:00:40]} 23. Bf5 {[%emt 0:00:30]} Nc5 {[%emt 0:00:44]} 24. Bxc5 {[%emt 0:00:22]} Bxc5 {[%emt 0:00:02]} 25. Ne4 {[%emt 0:00:04]} Bd4 {[%emt 0:00:27]} 26. d6 {[%emt 0:00:15]} Ra7 {[%emt 0:00:18]} 27. Re2 {[%emt 0:00:06]} Qb6 {[%emt 0:00:20]} 28. Rd1 {[%emt 0:00:08]} Rd8 {[%emt 0:00:04]} 29. Qf4 {[%emt 0:00:18]} Bxf5 {[%emt 0:00:14]} 30. Qxf5 {[%emt 0:00:01]} g6 {[%emt 0:00:07]} 31. Qd5 {[%emt 0:00:24]} Bg7 {[%emt 0:00:02]} 32. Nc5 {[%emt 0:00:11]} Bf8 {[%emt 0:00:13]} 33. Ne4 {[%emt 0:00:03]} Bxd6 {[%emt 0:00:20]} 34. Nxd6 {[%emt 0:00:16]} Rad7 {[%emt 0:00:02]} 35. Red2 {[%emt 0:00:09]} Rxd6 {[%emt 0:00:01]} 36. Qxd6 {[%emt 0:00:02]} Rxd6 {[%emt 0:00:01]} 37. Rxd6 {[%emt 0:00:02]} Qa5 {[%emt 0:00:04]} 38. Rc1 {[%emt 0:00:07]} Qa4 {[%emt 0:00:05]} 39. Kg2 {[%emt 0:00:11]} Qb3 {[%emt 0:00:23]} 40. Rd2 {[%emt 0:00:08]} a5 {[%emt 0:00:05]} 41. Rc3 {[%emt 0:00:10]} Qa2 {[%emt 0:00:03]} 42. Rdc2 {[%emt 0:00:20]} Kg7 {[%emt 0:00:25]} 43. g4 {[%emt 0:00:21]} Qb1 {[%emt 0:00:12]} 44. Re2 {[%emt 0:00:07]} Qd1 {[%emt 0:00:05]} 45. Rce3 {[%emt 0:00:08]} b4 {[%emt 0:00:09]} 46. axb4 {[%emt 0:00:02]} axb4 {[%emt 0:00:01]} 47. Kf3 {[%emt 0:00:07]} Qd6 {[%emt 0:00:44]} 48. Kg2 {[%emt 0:00:10]} Qd5+ {[%emt 0:00:01]} 49. f3 {[%emt 0:00:04]} h5 {[%emt 0:00:12]} 50. gxh5 {[%emt 0:00:26]} Qg5+ {[%emt 0:00:05]} 51. Kf1 {[%emt 0:00:08]} Qxh5 {[%emt 0:00:01]} 52. Ke1 {[%emt 0:00:03]} Qh4+ {[%emt 0:00:14]} 53. Kd2 {[%emt 0:00:07]} Qd4+ {[%emt 0:00:02]} 54. Kc2 {[%emt 0:00:09]} b3+ {[%emt 0:00:14]} 55. Kc1 {[%emt 0:00:01]} Qf4 {[%emt 0:00:26]} 56. Kd2 {[%emt 0:00:05]} Qd4+ {[%emt 0:00:02]} 57. Kc1 {[%emt 0:00:02]} f5 {[%emt 0:00:06]} 58. Rc3 {[%emt 0:00:20]} Kh6 {[%emt 0:00:03]} 59. Rg2 {[%emt 0:00:14]} Kh5 {[%emt 0:00:26]} 60. Re2 {[%emt 0:00:15]} g5 {[%emt 0:00:10]} 61. Rce3 {[%emt 0:00:05]} Qa7 {[%emt 0:00:15]} 62. Kd2 {[%emt 0:00:11]} Qa5+ {[%emt 0:00:01]} 63. Rc3 {[%emt 0:00:05]} f4 {[%emt 0:00:11]} 64. Ke1 {[%emt 0:00:20]} Qa1+ {[%emt 0:00:08]} 65. Kf2 {[%emt 0:00:04]} Qh1 {[%emt 0:00:03]} 66. Rxc4 {[%emt 0:00:07]} Qxh2+ {[%emt 0:00:03]} 67. Ke1 {[%emt 0:00:15]} Qg3+ {[%emt 0:00:11]} 68. Rf2 {[%emt 0:00:10]} Qg1+ {[%emt 0:00:05]} 69. Ke2 {[%emt 0:00:04]} Qb1 {[%emt 0:00:05]} 70. Rh2+ {[%emt 0:00:28]} Kg6 {[%emt 0:00:01]} 71. Rc6+ {[%emt 0:00:06]} Kf7 {[%emt 0:00:50]} 72. Rc7+ {[%emt 0:00:09]} Kg6 {[%emt 0:00:12]} 73. Rc6+ {[%emt 0:00:05]} Kf5 {[%emt 0:00:08]} 74. Rc5+ {[%emt 0:00:05]} Kf6 {[%emt 0:00:07]} 75. Rh6+ {[%emt 0:00:31]} Kg7 {[%emt 0:00:01]} 76. Rd6 {[%emt 0:00:15]} Qxb2+ {[%emt 0:00:06]} 77. Rd2 {[%emt 0:00:05]} Qf6 {[%emt 0:00:19]} 78. Rdd5 {[%emt 0:00:17]} Kg6 {[%emt 0:00:13]} 79. Rb5 {[%emt 0:00:05]} b2 {[%emt 0:00:15]} 80. Rd2 {[%emt 0:00:08]} Qe6+ {[%emt 0:00:09]} 81. Kd1 {[%emt 0:00:11]} Qc6 {[%emt 0:00:05]} 82. Rbxb2 {[%emt 0:00:08]} Qxf3+ {[%emt 0:00:02]} 83. Ke1 {[%emt 0:00:03]} Qh1+ {[%emt 0:00:02]} 84. Kf2 {[%emt 0:00:05]} Kh5 {[%emt 0:00:06]} 85. Ke2 {[%emt 0:00:14]} Kg4 {[%emt 0:00:08]} 86. Rb3 {[%emt 0:00:10]} f3+ {[%emt 0:00:22]} 87. Kf2 {[%emt 0:00:14]} Qh2+ {[%emt 0:00:08]} 88. Ke3 {[%emt 0:00:02]} Qf4+ {[%emt 0:00:04]} 89. Kd3 {[%emt 0:00:01]} f2 {[%emt 0:00:10] Kd4} 0-1

[Event "EIRCC 2019"]
[Site "Tallinn"]
[Date "2019.12.06"]
[Round "9.18"]
[White "D`costa, Lorin"]
[Black "Chibukhchyan, Erik"]
[Result "1-0"]
[WhiteElo "2407"]
[BlackElo "2211"]
[Annotator "NA"]
[PlyCount "87"]
[EventDate "2019.12.05"]
[EventType "swiss"]
[EventCountry "EST"]
[SourceTitle "playchess.com"]
[Source "ChessBase"]
[SourceQuality "1"]
[TimeControl "900+10"]

1. d4 {[%emt 0:00:17]} Nf6 {[%emt 0:01:02]} 2. Bf4 {[%emt 0:00:14]} e6 {[%emt 0:00:02]} 3. e3 {[%emt 0:00:03]} c5 {[%emt 0:00:01]} 4. Nf3 {[%emt 0:00:18]} cxd4 {[%emt 0:00:02]} 5. exd4 {[%emt 0:00:01]} b6 {[%emt 0:00:04]} 6. c3 {[%emt 0:00:13]} Bb7 {[%emt 0:00:03]} 7. Nbd2 {[%emt 0:00:04]} Be7 {[%emt 0:00:03]} 8. h3 {[%emt 0:00:08]} O-O {[%emt 0:00:04]} 9. Bd3 {[%emt 0:00:03]} d6 {[%emt 0:00:02]} 10. Bh2 {[%emt 0:00:07]} Nbd7 {[%emt 0:00:02]} 11. O-O {[%emt 0:00:05]} a6 {[%emt 0:00:03]} 12. a4 {[%emt 0:00:06]} h6 {[%emt 0:00:05]} 13. Re1 {[%emt 0:00:09]} Re8 {[%emt 0:00:01]} 14. Qe2 {[%emt 0:00:07]} Qc7 {[%emt 0:00:03]} 15. Nc4 {[%emt 0:00:13]} Bf8 {[%emt 0:00:16]} 16. Ne3 {[%emt 0:00:04]} g6 {[%emt 0:00:59]} 17. Nd2 {[%emt 0:05:29]} e5 {[%emt 0:02:33]} 18. dxe5 {[%emt 0:00:35]} Nxe5 {[%emt 0:00:09]} 19. Bc2 {[%emt 0:00:19]} Rad8 {[%emt 0:01:19]} 20. Rad1 {[%emt 0:00:22]} Bg7 {[%emt 0:00:27]} 21. Ndc4 {[%emt 0:01:14]} Nh5 {[%emt 0:05:23]} 22. Bb3 {[%emt 0:00:19]} Qc5 {[%emt 0:00:36]} 23. Rd2 {[%emt 0:04:24]} b5 {[%emt 0:01:01]} 24. axb5 {[%emt 0:00:02]} axb5 {[%emt 0:00:03]} 25. Na5 {[%emt 0:00:57]} Ba8 {[%emt 0:00:11]} 26. Bd5 {[%emt 0:00:31]} Qb6 {[%emt 0:02:46]} 27. b4 {[%emt 0:00:13]} Bc6 {[%emt 0:00:35]} 28. Bxe5 {[%emt 0:01:03]} Bxd5 {[%emt 0:01:21]} 29. Bxg7 {[%emt 0:00:15]} Nxg7 {[%emt 0:00:20]} 30. Rxd5 {[%emt 0:00:05]} Nf5 {[%emt 0:00:04]} 31. Qxb5 {[%emt 0:00:24]} Qc7 {[%emt 0:00:11]} 32. Qd3 {[%emt 0:00:47]} Re6 {[%emt 0:00:14]} 33. Nac4 {[%emt 0:00:21]} Rde8 {[%emt 0:00:02]} 34. Rd1 {[%emt 0:00:09]} Qa7 {[%emt 0:00:09]} 35. Rf1 {[%emt 0:00:24]} Nh4 {[%emt 0:00:13]} 36. Qd4 {[%emt 0:00:11]} Qe7 {[%emt 0:00:03]} 37. Nxd6 {[%emt 0:00:12]} Ra8 {[%emt 0:00:08]} 38. c4 {[%emt 0:00:15]} Ra3 {[%emt 0:00:03]} 39. c5 {[%emt 0:00:07]} f5 {[%emt 0:00:16]} 40. Ndc4 {[%emt 0:00:11]} Ra7 {[%emt 0:00:23]} 41. Rd8+ {[%emt 0:00:11]} Kf7 {[%emt 0:00:01]} 42. Qh8 {[%emt 0:00:19]} f4 {[%emt 0:00:25]} 43. Qh7+ {[%emt 0:00:16]} Kf6 {[%emt 0:00:01]} 44. Nd5+ {[%emt 0:00:02] Ke5} 1-0

[Event "EIRCC 2019"]
[Site "Tallinn"]
[Date "2019.12.06"]
[Round "9.19"]
[White "Postny, Evgeny"]
[Black "Crevatin, Leo"]
[Result "1-0"]
[WhiteElo "2598"]
[BlackElo "2108"]
[Annotator "ChessBase"]
[PlyCount "105"]
[EventDate "2019.12.05"]
[EventType "swiss"]
[EventCountry "EST"]
[SourceTitle "playchess.com"]
[Source "ChessBase"]
[SourceQuality "1"]
[TimeControl "900+10"]

1. d4 {[%emt 0:00:23]} d5 {[%emt 0:00:00]} 2. c4 {[%emt 0:00:03]} e6 {[%emt 0:00:00]} 3. Nf3 {[%emt 0:00:05]} a6 {[%emt 0:00:00]} 4. e3 {[%emt 0:00:18]} Nf6 {[%emt 0:00:00]} 5. b3 {[%emt 0:00:05]} c5 {[%emt 0:01:35]} 6. Bd3 {[%emt 0:00:23]} Nc6 {[%emt 0:00:10]} 7. Bb2 {[%emt 0:00:04]} cxd4 {[%emt 0:00:19]} 8. exd4 {[%emt 0:00:03]} b6 {[%emt 0:00:32]} 9. O-O {[%emt 0:00:09]} Bb7 {[%emt 0:00:01]} 10. Nbd2 {[%emt 0:00:20]} Be7 {[%emt 0:00:06]} 11. Qe2 {[%emt 0:00:07]} h6 {[%emt 0:00:06]} 12. Rad1 {[%emt 0:00:05]} O-O {[%emt 0:00:04]} 13. Rfe1 {[%emt 0:00:11]} Re8 {[%emt 0:00:20]} 14. Bb1 {[%emt 0:00:54]} a5 {[%emt 0:00:31]} 15. Ne5 {[%emt 0:00:12]} Nxe5 {[%emt 0:00:53]} 16. dxe5 {[%emt 0:00:05]} Nd7 {[%emt 0:00:02]} 17. cxd5 {[%emt 0:00:49]} Bxd5 {[%emt 0:00:02]} 18. Nc4 {[%emt 0:00:17]} Nf8 {[%emt 0:01:12]} 19. Ne3 {[%emt 0:00:14]} Bb4 {[%emt 0:00:54]} 20. Rf1 {[%emt 0:00:10]} Rc8 {[%emt 0:00:06]} 21. Nxd5 {[%emt 0:00:50]} exd5 {[%emt 0:00:02]} 22. Qf3 {[%emt 0:00:09]} Qe7 {[%emt 0:01:04]} 23. Rxd5 {[%emt 0:00:16]} Ba3 {[%emt 0:00:22]} 24. Bd4 {[%emt 0:02:34]} Bc5 {[%emt 0:00:13]} 25. Ba1 {[%emt 0:00:26]} Rcd8 {[%emt 0:00:16]} 26. Rfd1 {[%emt 0:00:07]} Rxd5 {[%emt 0:00:13]} 27. Rxd5 {[%emt 0:00:34]} Rd8 {[%emt 0:00:08]} 28. g3 {[%emt 0:01:24]} Rxd5 {[%emt 0:00:17]} 29. Qxd5 {[%emt 0:00:02]} Qg5 {[%emt 0:00:14]} 30. Bb2 {[%emt 0:00:45]} Ng6 {[%emt 0:01:30]} 31. Kf1 {[%emt 0:00:44]} Qh5 {[%emt 0:00:31]} 32. h4 {[%emt 0:00:49]} Qg4 {[%emt 0:00:50]} 33. Be4 {[%emt 0:03:51]} Nf8 {[%emt 0:01:11]} 34. Bf3 {[%emt 0:00:23]} Qh3+ {[%emt 0:00:14]} 35. Ke2 {[%emt 0:00:21]} Qc8 {[%emt 0:00:04]} 36. Qc4 {[%emt 0:00:18]} Ne6 {[%emt 0:00:57]} 37. Bd5 {[%emt 0:00:03]} Qd7 {[%emt 0:00:14]} 38. Bxe6 {[%emt 0:00:12]} fxe6 {[%emt 0:00:06]} 39. Bc1 {[%emt 0:00:35]} Qf7 {[%emt 0:01:03]} 40. Be3 {[%emt 0:00:14]} Qh5+ {[%emt 0:00:11]} 41. Kf1 {[%emt 0:01:23]} Qxe5 {[%emt 0:00:03]} 42. Bxc5 {[%emt 0:00:02]} bxc5 {[%emt 0:00:03]} 43. a4 {[%emt 0:00:14]} Qd5 {[%emt 0:00:43]} 44. Kg1 {[%emt 0:00:05]} Qxc4 {[%emt 0:00:13]} 45. bxc4 {[%emt 0:00:01]} Kf7 {[%emt 0:00:09]} 46. Kg2 {[%emt 0:00:15]} Kf6 {[%emt 0:00:01]} 47. Kf3 {[%emt 0:00:02]} Ke5 {[%emt 0:00:03]} 48. Ke3 {[%emt 0:00:01]} g5 {[%emt 0:00:30]} 49. hxg5 {[%emt 0:00:06]} hxg5 {[%emt 0:00:01]} 50. g4 {[%emt 0:00:02]} Kd6 {[%emt 0:01:15]} 51. f4 {[%emt 0:00:08]} gxf4+ {[%emt 0:00:14]} 52. Kxf4 {[%emt 0:00:02]} Ke7 {[%emt 0:00:05]} 53. Ke4 1-0

[Event "EIRCC 2019"]
[Site "Tallinn"]
[Date "2019.12.06"]
[Round "9.20"]
[White "Kukk, Sander"]
[Black "Sanal, Vahap"]
[Result "1-0"]
[WhiteElo "2313"]
[BlackElo "2597"]
[Annotator "TA"]
[PlyCount "112"]
[EventDate "2019.12.05"]
[EventType "swiss"]
[EventCountry "EST"]
[SourceTitle "playchess.com"]
[Source "ChessBase"]
[SourceQuality "1"]

{[%evp 9,112,36,39,-18,14,18,15,18,23,0,0,0,33,50,34,31,36,33,35,-39,10,0,99,100,122,0,11,-23,29,35,25,0,0,0,0,0,0,0,120,6,79,85,78,73,75,58,299,289,347,285,285,207,230,190,325,270,374,325,356,379,356,358,455,432,445,441,502,501,493,495,480,466,451,421,401,423,433,425,441,412,381,381,465,433,571,560,554,531,605,566,1618,1545,1399,1304,29988,12841,29985,29986,29993,29994,29995,-29998,29994,-29998,29988]} 1. b3 e5 2. Bb2 d6 3. e3 Nd7 4. d4 g6 5. Nf3 (5. dxe5 dxe5 6. Nc3 Bg7 7. Qe2 Ngf6 8. O-O-O O-O 9. g4 c6 10. g5 Nh5 11. Bh3 Qe7 12. Bg4 {1-0 (23) Jobava,B (2690)-Almasi,Z (2682) Riadh 2017}) 5... Bg7 6. Bc4 {A01: Nimzowitsch-Larsen Opening} (6. dxe5 $14 Ne7 7. Qc1 Nxe5 8. Nxe5 Bxe5 9. Bxe5 dxe5 10. Bc4) 6... Nh6 $146 (6... e4 $5 {[%cal Re4f3]} 7. Nfd2 f5 $11) ({Predecessor:} 6... e4 7. Nfd2 Ngf6 8. Nc3 Qe7 9. g4 h6 10. Rg1 c6 11. d5 O-O 12. h4 {1-0 (52) Purygin,A (2245)-Samusenko,M (2205) Togliatti 2014}) 7. dxe5 Nxe5 8. Nxe5 {The position is equal.} Bxe5 9. Nc3 c6 10. Qd2 b5 11. Be2 O-O 12. O-O-O d5 13. e4 {[%cal Re4d5]} Qf6 {And now ...d4 would win.} 14. g3 ({White should try} 14. Kb1 $14) 14... b4 15. Na4 $1 Bxb2+ (15... Ng4 $11) 16. Nxb2 $16 Ng4 17. Bxg4 (17. h3 $1 $16 {[%cal Rh3g4]} Ne5 18. f4 (18. exd5 Qxf2 19. d6 Qxg3 $11)) 17... Bxg4 $11 18. Rde1 (18. Qd4 $5 {[%cal Rd4f6]} Qg5+ 19. Rd2 $11) 18... dxe4 (18... Rac8 $142) 19. Rxe4 Bf5 20. Rd4 c5 21. Rd6 Be6 22. Rd1 a5 23. Kb1 Rfc8 {[#]} (23... Qf3 $11 {remains equal.}) 24. f4 ({White must play} 24. Na4 $1 $16) 24... Qf5 {[#]} (24... Qe7 $11 {keeps the balance.}) 25. Na4 $1 $16 {[%cal Bb2a4,Ba4b6,Bb6d5,Bd5c7][%mdl 32] Nb6 is the strong threat.} Re8 26. Nb6 $36 {[%mdl 2048] Black is under strong pressure.} Rab8 27. Nd5 h5 $2 (27... Bxd5 $1 $14 28. Rxd5 Qf6) 28. Nc7 $18 Rf8 29. Nxe6 fxe6 30. Qe2 Rbe8 31. Re1 Kf7 (31... Kg7 $142 32. Qb5 (32. Rxe6 Rxe6 33. Qxe6 Qxe6 $16) 32... e5 33. Rd7+ (33. Qxc5 exf4 34. Qd4+ Kh6 $14) 33... Kh6) 32. Qa6 Re7 33. Qxa5 Rfe8 34. Re5 Qh3 35. Rd2 ({Weaker is} 35. Rxc5 Qxh2 36. Qxb4 Qxg3 $18) 35... Qf1+ 36. Kb2 c4 {[%csl Gb4][%cal Rc4c3]} 37. Qxb4 Ra8 38. a4 cxb3 39. cxb3 Raa7 40. Rc2 Rad7 41. Re1 Qd3 42. Qe4 Qa6 43. Qe5 Rb7 {and the idea ...Qxa4 leaves Black hopeful.} 44. Ka2 Qd3 45. Qc3 Qa6 46. Re5 Qa7 47. Rc5 Qb6 48. h3 Red7 49. g4 h4 50. f5 exf5 51. gxf5 gxf5 52. Rc6 (52. Rxf5+ $142 Kg6 53. Rg2+ Kxf5 54. Qf3+ Ke6 55. Re2+ Qe3 56. Rxe3+ Kd6 57. Qf4+ {[%mdl 64] Double Attack} Kc5 58. Re6) 52... Qd4 {[#]} 53. Qf3 $1 Qd5 54. Qh5+ {[%mdl 64] Double Attack} Kg7 55. Qxh4 $4 {[%mdl 8192]} (55. Qh6+ Kg8 56. Rg6+ Rg7 57. Rc8+ Qd8 58. Rxd8+ Kf7 59. Rxg7#) 55... Rd8 $4 {[%mdl 8192]} (55... Qxb3+ 56. Ka1 Qb1#) 56. Rc8 $4 {[%mdl 8192]} (56. Qh6+ Kf7 57. Rf6+ Kg8 58. Rg6+ Kf7 59. Rg7+ Kf8 60. Qh8+ Qg8 61. Qxg8#) 56... Rd6 $4 {[%mdl 8192] Accuracy: White = 54%, Black = 35%.} (56... Qxb3+ {avoids the disaster.} 57. Ka1 Qb1#) 1-0